000 00489cam a2200205 4500
001 D7963
008 090401t1975 xxu||||| |||| 00| 0 eng d
035 _a(Sirsi) u10350
041 _aeng
050 _a346.410432
100 _aPowell-Smith, Vincent
245 4 _aThe law of boundaries and fences
250 _a2nd
260 _aLondon
_bButterworths
_c1975
300 _axiv. 210p. 23cm
350 _a5
650 _aBoundary disputes
_96221
942 _n0
948 _c04/03/1997
999 _c86731
_d86731